000 00522nam a22001577a 4500
005 20180821170957.0
020 _a8170002931
_c1500.00 (per set)
020 _a8170002990
_c1500.00 (per set)
035 _aB-31445, B-031447
035 _aB-31451
037 _aDPL
_bENG
245 _aInformation :
_bManagement, source and other studies - essay in honour of Professor K Navlani /
260 _aNew Delhi
_bEss Ess Publications
_c2001
300 _a2 Vol.(264p.238p.)
_c21cms.
942 _2ddc
_cEN
_h020
_mINF
999 _c63038
_d63038